00977nam a2200205Ia 4500008004100000020001600041041001200057082001600069100001800085245007400103260002500177300000800202650001400210700001500224942000700239999001500246952017000261952017000431952017000601221030s9999 xx 000 0 und d a00746331136 aEnglish a105.23bTre aJ. P. Trembly 0aDiscrete Mathematical Structures With Application to Computer Science bTMHaNew Delhic2004 a608 aComputers aR. Manohar cBK c8693d8693 pM 589g250.00l0o105.23 Trer2024-06-10 00:00:00w2022-10-30yBK003Print4070aMIETLIBbMIETLIBcBL-Academic Block B, FL-2, CUP-44, SH-2, R-2d2005-02-2410HMCA pM 590g250.00l0o105.23 Trer2024-06-10 00:00:00w2022-10-30yBK003Print4070aMIETLIBbMIETLIBcBL-Academic Block B, FL-2, CUP-44, SH-2, R-2d2005-02-2410HMCA pM 591g250.00l0o105.23 Trer2024-06-10 00:00:00w2022-10-30yBK003Print4070aMIETLIBbMIETLIBcBL-Academic Block B, FL-2, CUP-44, SH-2, R-2d2005-02-2410HMCA